| 000 -LEADER |
| fixed length control field |
00847cam a22002534a 4500 |
| 001 - CONTROL NUMBER |
| control field |
15102116 |
| 005 - DATE AND TIME OF LATEST TRANSACTION |
| control field |
20180103032243.0 |
| 008 - FIXED-LENGTH DATA ELEMENTS--GENERAL INFORMATION |
| fixed length control field |
071204s2007 flu b 000 0 eng |
| 010 ## - LIBRARY OF CONGRESS CONTROL NUMBER |
| LC control number |
2007904749 |
| 020 ## - INTERNATIONAL STANDARD BOOK NUMBER |
| International Standard Book Number |
9780979755804 |
| 020 ## - INTERNATIONAL STANDARD BOOK NUMBER |
| International Standard Book Number |
0979755808 |
| 040 ## - CATALOGING SOURCE |
| Original cataloging agency |
DLC |
| Transcribing agency |
DLC |
| Modifying agency |
DLC |
| 041 ## - LANGUAGE CODE |
| Language code of text/sound track or separate title |
eng |
| 043 ## - GEOGRAPHIC AREA CODE |
| Geographic area code |
n-us--- |
| 080 ## - UNIVERSAL DECIMAL CLASSIFICATION NUMBER |
| Universal Decimal Classification number |
941 |
| 082 ## - DEWEY DECIMAL CLASSIFICATION NUMBER |
| Edition number |
941 PAV |
| 100 1# - Rafti |
| Rafti |
16 |
| 101 ## - Shkurtesa |
| Shkurtesa |
HIS |
| 245 10 - TITLE STATEMENT |
| Title |
Stolen without a gun : |
| Statement of responsibility, etc |
Walter Pavlo, Jr. & Neil Weinberg ; with a foreword by Dennis Kneale. |
| 504 ## - BIBLIOGRAPHY, ETC. NOTE |
| Bibliography, etc |
Includes bibliographical references (p. 285). |
| 906 ## - LOCAL DATA ELEMENT F, LDF (RLIN) |
| a |
7 |
| b |
cbc |
| c |
origres |
| d |
2 |
| e |
ncip |
| f |
20 |
| g |
y-gencatlg |
| 942 ## - ADDED ENTRY ELEMENTS (KOHA) |
| Source of classification or shelving scheme |
|
| Item type |
Books |